| 000 | 00975nam a2200265 a 4500 | ||
|---|---|---|---|
| 001 | 67580 | ||
| 003 | BD-RjUL | ||
| 005 | 20211209081654.0 | ||
| 008 | 170327s2000 enka b 001 0 eng | ||
| 020 | _a0851993788 (alk. paper) | ||
| 035 | _a(BD-RjUL)67711 | ||
| 040 |
_aDLC _cDLC _dBD-RjUL _beng |
||
| 041 | _aeng | ||
| 082 | 0 | 0 |
_a636.085 _223 _bFAR 2004 |
| 245 | 1 | 0 |
_aFarm animal metabolism and nutrition / _cedited by J.P.F. D'Mello. |
| 260 |
_aWallingford, Oxon, UK ; _aNew York : _bCABI Pub., _cc2000 [rep.2004] |
||
| 300 |
_ax, 438 p. : _bill. ; _c25 cm. |
||
| 504 | _aIncludes bibliographical references and index | ||
| 650 | 0 |
_aAnimal nutrition. _9117009 |
|
| 650 | 0 |
_aLivestock _xMetabolism. _9200241 |
|
| 700 | 1 |
_aD'Mello, J. P. Felix. _9198888 |
|
| 856 | 4 | 2 |
_3Publisher description _uhttp://www.loc.gov/catdir/enhancements/fy0604/99048241-d.html |
| 856 | 4 | 1 |
_3Table of contents only _uhttp://www.loc.gov/catdir/enhancements/fy0604/99048241-t.html |
| 942 |
_2ddc _cBK |
||
| 999 |
_c67580 _d67580 |
||